Syria and Lebanon : (Record no. 28160)
[ view plain ]
| 000 -LEADER | |
|---|---|
| campo de control de longitud fija | 01839cam a2200445 i 4500 |
| 001 - NÚMERO DE CONTROL | |
| campo de control | 125046 |
| 005 - FECHA Y HORA DE LA ÚLTIMA TRANSACCIÓN | |
| campo de control | 20230410103914.0 |
| 008 - DATOS DE LONGITUD FIJA--INFORMACIÓN GENERAL | |
| campo de control de longitud fija | 140211s2013 enk b 001 0 eng d |
| 035 ## - NÚMERO DE CONTROL DEL SISTEMA | |
| Número de control de sistema | 18039773 |
| 010 ## - NÚMERO DE CONTROL DE LA BIBLIOTECA DEL CONGRESO | |
| Número de control de LC | 2013474763 |
| 016 7# - NÚMERO DE CONTROL DE UNA AGENCIA BIBLIOGRÁFICA NACIONAL | |
| Número de control del registro | 016457638 |
| Fuente | Uk |
| 020 ## - NÚMERO INTERNACIONAL ESTÁNDAR DEL LIBRO | |
| Número Internacional Estándar del Libro | 9781780765365 |
| 020 ## - NÚMERO INTERNACIONAL ESTÁNDAR DEL LIBRO | |
| Número Internacional Estándar del Libro | 1780765363 |
| 035 ## - NÚMERO DE CONTROL DEL SISTEMA | |
| Número de control de sistema | (OCoLC)ocn852224626 |
| 040 ## - FUENTE DE CATALOGACIÓN | |
| Centro catalogador/agencia de origen | BTCTA |
| Lengua de catalogación | eng |
| Centro/agencia transcriptor | BTCTA |
| Normas de descripción | rda |
| Centro/agencia modificador | UKMGB |
| -- | YDXCP |
| -- | BDX |
| -- | NLE |
| -- | NDD |
| -- | CUV |
| -- | CDX |
| -- | NUI |
| -- | LYU |
| -- | DLC |
| 041 ## - CÓDIGO DE IDIOMA | |
| Código de lengua del texto/banda sonora o título independiente | eng |
| 042 ## - CÓDIGO DE AUTENTICACIÓN | |
| Código de autenticación | lccopycat |
| 050 14 - SIGNATURA TOPOGRÁFICA DE LA BIBLIOTECA DEL CONGRESO | |
| Número de clasificación | 432 DS 95.6 |
| Número de ítem | O83s 2013 |
| 082 00 - NÚMERO DE LA CLASIFICACIÓN DECIMAL DEWEY | |
| Número de clasificación | 327.569105692 |
| 100 1# - ENTRADA PRINCIPAL--NOMBRE DE PERSONA | |
| Nombre de persona | Osoegawa, Taku. |
| 245 10 - MENCIÓN DEL TÍTULO | |
| Título | Syria and Lebanon : |
| Resto del título | international relations and diplomacy in the Middle East / |
| Mención de responsabilidad, etc. | Taku Osoegawa. |
| 260 ## - PUBLICACIÓN, DISTRIBUCIÓN, ETC. | |
| Lugar de publicación, distribución, etc. | London : |
| Nombre del editor, distribuidor, etc. | I. B. Tauris, |
| Fecha de publicación, distribución, etc. | 2013. |
| 300 ## - DESCRIPCIÓN FÍSICA | |
| Extensión | x, 246 p. ; |
| Dimensiones | 22 cm. |
| 490 1# - MENCIÓN DE SERIE | |
| Mención de serie | Library of Modern Middle East Studies ; |
| Designación de volumen o secuencia | 140 |
| 504 ## - NOTA DE BIBLIOGRAFÍA, ETC. | |
| Nota de bibliografía, etc. | Includes bibliographical references (pages [219]-228) and index. |
| 505 00 - NOTA DE CONTENIDO CON FORMATO | |
| Título | Introduction: the analytical framework -- |
| -- | Disruption in the Lebanese state and Syrian intervention (1970-1988) -- |
| -- | Lebanon from 'anarchy' to 'indirect rule' under Syria (1988-2005) -- |
| -- | Lebanon after the end of Syrian hegemony (since 2005) -- |
| -- | Conclusion. |
| 651 #0 - PUNTO DE ACCESO ADICIONAL DE MATERIA--NOMBRE GEOGRÁFICO | |
| Nombre geográfico | Syria |
| Subdivisión general | Foreign relations |
| Subdivisión geográfica | Lebanon. |
| 651 #0 - PUNTO DE ACCESO ADICIONAL DE MATERIA--NOMBRE GEOGRÁFICO | |
| Nombre geográfico | Lebanon |
| Subdivisión general | Foreign relations |
| Subdivisión geográfica | Syria. |
| 651 #0 - PUNTO DE ACCESO ADICIONAL DE MATERIA--NOMBRE GEOGRÁFICO | |
| Nombre geográfico | Syria |
| Subdivisión general | Foreign relations |
| Subdivisión cronológica | 1971- |
| 651 #0 - PUNTO DE ACCESO ADICIONAL DE MATERIA--NOMBRE GEOGRÁFICO | |
| Nombre geográfico | Lebanon |
| Subdivisión general | History |
| Subdivisión cronológica | 1990- |
| 651 #4 - PUNTO DE ACCESO ADICIONAL DE MATERIA--NOMBRE GEOGRÁFICO | |
| Nombre geográfico | Siria |
| Subdivisión general | Relaciones exteriores |
| Subdivisión cronológica | 1971- |
| 651 #4 - PUNTO DE ACCESO ADICIONAL DE MATERIA--NOMBRE GEOGRÁFICO | |
| Nombre geográfico | Siria |
| Subdivisión general | Relaciones exteriores |
| Subdivisión geográfica | Líbano. |
| 651 #4 - PUNTO DE ACCESO ADICIONAL DE MATERIA--NOMBRE GEOGRÁFICO | |
| Nombre geográfico | Líbano |
| Subdivisión general | Relaciones exteriores |
| Subdivisión geográfica | Siria |
| 651 #4 - PUNTO DE ACCESO ADICIONAL DE MATERIA--NOMBRE GEOGRÁFICO | |
| Nombre geográfico | Líbano |
| Subdivisión general | Historia. |
| 830 #0 - PUNTO DE ACCESO ADICIONAL DE SERIE-TÍTULO UNIFORME | |
| Título uniforme | Library of modern Middle East studies ; |
| Designación de volumen o secuencia | 140. |
| 856 41 - LOCALIZACIÓN Y ACCESO ELECTRÓNICOS | |
| Materiales especificados | Table of contents only |
| Identificador Uniforme de Recursos | <a href="http://www.loc.gov/catdir/enhancements/fy1410/2013474763-t.html">http://www.loc.gov/catdir/enhancements/fy1410/2013474763-t.html</a> |
| 925 0# - | |
| -- | acquire |
| -- | 2 shelf copies |
| -- | Sel/rjc, 2014-05-14 |
| 942 ## - ELEMENTOS DE ENTRADA SECUNDARIOS (KOHA) | |
| Fuente del sistema de clasificación o colocación | Clasificación de Library of Congress |
| Tipo de ítem Koha | |
| 946 ## - PROCESAMIENTO DE INFORMACIÓN LOCAL (OCLC) | |
| a | dpf |
| Estatus retirado | Estado de pérdida | Fuente del sistema de clasificación o colocación | Estado de daño | No para préstamo | Colección | Biblioteca de origen | Biblioteca actual | Ubicación en estantería | Fecha de adquisición | Serial enumeration / chronology | Signatura topográfica completa | Código de barras | Visto por última vez | Copia número | Tipo de ítem Koha |
|---|---|---|---|---|---|---|---|---|---|---|---|---|---|---|---|
| Clasificación de Library of Congress | Recursos Regionales | Biblioteca Juan Bosch | Biblioteca Juan Bosch | Recursos Regionales (2do. Piso) | 10/04/2023 | 1 | 432 DS 95.6 O83s 2013 | 00000117329 | 23/10/2018 | 1 |
